00495nam a2200169Ia 4500008004100000082001500041100002300056245004100079250000600120260003100126300001000157500002400167650001500191942000700206952009500213999001700308230524s9999 xx 000 0 und d a658.5bMOH aR.K.Mohanty941973 0aProduction and Operations management a1 aBBSRbBK Publicationc2008 a325p: aQuantity Number: 1 aManagement cBK 00104070aTATCLbTATCLcGENd2023-05-24l0o658.5 MOHp53832r2023-05-24w2023-05-24yBK c56387d56387